[Event "ABC 2024 Utrecht, Groep A"]
[Site "Utrecht"]
[Date "2024.03.09"]
[Round "3.3"]
[White "Knol, Daniel"]
[Black "Van Arendonk, Polle"]
[Result "1-0"]
[WhiteElo "1957"]
[BlackElo "1930"]

1. e4 {[%clk 00:55:19]} c5 {[%clk 00:55:10]} {[%emt 00:00:21]} 2. c3 {[%clk
00:55:18]} {[%emt 00:00:10]} d5 {[%clk 00:55:17]} {[%emt 00:00:04]} 3. exd5
{[%clk 00:55:24]} {[%emt 00:00:04]} Qxd5 {[%clk 00:55:24]} {[%emt 00:00:04]} 4.
d4 {[%clk 00:55:26]} {[%emt 00:00:07]} Nc6 {[%clk 00:55:06]} {[%emt 00:00:28]}
5. Nf3 {[%clk 00:55:30]} {[%emt 00:00:05]} Bg4 {[%clk 00:54:52]} {[%emt
00:00:25]} 6. Be2 {[%clk 00:55:33]} {[%emt 00:00:06]} e6 {[%clk 00:54:40]}
{[%emt 00:00:23]} 7. h3 {[%clk 00:55:32]} {[%emt 00:00:10]} Bh5 {[%clk
00:54:22]} {[%emt 00:00:28]} 8. Be3 {[%clk 00:54:15]} {[%emt 00:01:27]} Nf6
{[%clk 00:53:17]} {[%emt 00:01:15]} 9. O-O {[%clk 00:52:02]} {[%emt 00:02:23]}
Be7 {[%clk 00:50:45]} {[%emt 00:02:42]} 10. dxc5 {[%clk 00:46:47]} {[%emt
00:05:26]} a5 {[%clk 00:42:31]} {[%emt 00:08:25]} 11. Na3 {[%clk 00:41:26]}
{[%emt 00:05:30]} O-O {[%clk 00:40:16]} {[%emt 00:02:26]} 12. Nc4 {[%clk
00:32:37]} {[%emt 00:08:57]} Bxf3 {[%clk 00:37:45]} {[%emt 00:02:42]} 13. gxf3
{[%clk 00:32:19]} {[%emt 00:00:28]} Qf5 {[%clk 00:34:21]} {[%emt 00:03:34]} 14.
Kh2 {[%clk 00:27:08]} {[%emt 00:05:21]} Bxc5 {[%clk 00:31:26]} {[%emt
00:03:05]} 15. Bd3 {[%clk 00:24:28]} {[%emt 00:02:50]} Qd5 {[%clk 00:29:57]}
{[%emt 00:01:39]} 16. Rg1 {[%clk 00:16:51]} {[%emt 00:07:46]} b5 {[%clk
00:23:55]} {[%emt 00:06:13]} 17. Rg5 {[%clk 00:15:35]} {[%emt 00:01:26]} e5
{[%clk 00:17:21]} {[%emt 00:06:44]} 18. Nb6 {[%clk 00:12:39]} {[%emt 00:03:06]}
Bxb6 {[%clk 00:17:30]} {[%emt 00:00:01]} 19. Bxb6 {[%clk 00:12:48]} Ne7 {[%clk
00:10:48]} {[%emt 00:06:52]} 20. Qe2 {[%clk 00:10:52]} {[%emt 00:02:06]} Ng6
{[%clk 00:07:03]} {[%emt 00:03:55]} 21. Bxg6 {[%clk 00:10:21]} {[%emt
00:00:40]} fxg6 {[%clk 00:07:03]} {[%emt 00:00:11]} 22. Rxe5 {[%clk 00:10:00]}
{[%emt 00:00:31]} Qd6 {[%clk 00:05:30]} {[%emt 00:01:43]} 23. Bc5 {[%clk
00:09:50]} {[%emt 00:00:20]} Qc7 {[%clk 00:05:23]} {[%emt 00:00:17]} 24. Bxf8
{[%clk 00:09:17]} {[%emt 00:00:44]} Rxf8 {[%clk 00:05:32]} 25. Kg1 {[%clk
00:07:47]} {[%emt 00:01:38]} Nh5 {[%clk 00:03:11]} {[%emt 00:02:32]} 26. Re8
{[%clk 00:07:34]} {[%emt 00:00:23]} Nf4 {[%clk 00:02:27]} {[%emt 00:00:53]} 27.
Qxb5 {[%clk 00:03:27]} {[%emt 00:04:18]} Nxh3+ {[%clk 00:00:46]} {[%emt
00:01:52]} 28. Kf1 {[%clk 00:03:02]} {[%emt 00:00:34]} Qf7 {[%clk 00:00:38]}
{[%emt 00:00:18]} 29. Rxf8+ {[%clk 00:03:00]} {[%emt 00:00:12]} Qxf8 {[%clk
00:00:46]} {[%emt 00:00:02]} 30. Re1 {[%clk 00:02:30]} {[%emt 00:00:40]} Qxf3
{[%clk 00:00:29]} {[%emt 00:00:27]} 31. Qe8+ {[%clk 00:02:22]} {[%emt
00:00:18]} Qf8 {[%clk 00:00:38]} {[%emt 00:00:02]} 32. Qe6+ {[%clk 00:02:24]}
{[%emt 00:00:06]} Qf7 {[%clk 00:00:31]} {[%emt 00:00:18]} 33. Qc8+ {[%clk
00:02:24]} {[%emt 00:00:08]} 1-0

[Event "ABC 2024 Utrecht, Groep A"]
[Site "Utrecht"]
[Date "2024.03.09"]
[Round "3.4"]
[White "Kleibeuker, Mika"]
[Black "Veerman, Rien"]
[Result "1-0"]
[WhiteElo "1926"]
[BlackElo "1870"]

1. e4 {[%clk 00:55:03]} {[%emt 00:00:16]} e5 {[%clk 00:55:13]} {[%emt
00:00:07]} 2. Nf3 {[%clk 00:55:09]} {[%emt 00:00:04]} Nf6 {[%clk 00:55:17]}
{[%emt 00:00:06]} 3. Nxe5 {[%clk 00:55:15]} {[%emt 00:00:04]} d6 {[%clk
00:55:23]} {[%emt 00:00:04]} 4. Nf3 {[%clk 00:55:22]} {[%emt 00:00:03]} Nxe4
{[%clk 00:55:21]} {[%emt 00:00:12]} 5. d4 {[%clk 00:55:29]} {[%emt 00:00:04]}
d5 {[%clk 00:55:23]} {[%emt 00:00:07]} 6. Bd3 {[%clk 00:55:35]} {[%emt
00:00:04]} Bd6 {[%clk 00:55:22]} {[%emt 00:00:12]} 7. O-O {[%clk 00:54:57]}
{[%emt 00:00:47]} O-O {[%clk 00:55:24]} {[%emt 00:00:08]} 8. c4 {[%clk
00:55:04]} {[%emt 00:00:03]} c6 {[%clk 00:55:28]} {[%emt 00:00:07]} 9. Nc3
{[%clk 00:55:10]} {[%emt 00:00:03]} Bf5 {[%clk 00:55:28]} {[%emt 00:00:10]} 10.
cxd5 {[%clk 00:54:58]} {[%emt 00:00:23]} cxd5 {[%clk 00:55:13]} {[%emt
00:00:24]} 11. Re1 {[%clk 00:55:00]} {[%emt 00:00:08]} Re8 {[%clk 00:54:39]}
{[%emt 00:00:44]} 12. Qc2 {[%clk 00:54:02]} {[%emt 00:01:09]} Na6 {[%clk
00:54:27]} {[%emt 00:00:21]} 13. a3 {[%clk 00:47:49]} {[%emt 00:06:24]} Bg6
{[%clk 00:50:48]} {[%emt 00:03:48]} 14. Nxe4 {[%clk 00:33:18]} {[%emt
00:14:41]} dxe4 {[%clk 00:50:25]} {[%emt 00:00:33]} 15. Bxe4 {[%clk 00:33:22]}
{[%emt 00:00:06]} Rc8 {[%clk 00:48:43]} {[%emt 00:01:52]} 16. Qd3 {[%clk
00:33:12]} {[%emt 00:00:20]} Rxe4 {[%clk 00:44:29]} {[%emt 00:04:23]} 17. Rxe4
{[%clk 00:32:31]} {[%emt 00:00:52]} Nc5 {[%clk 00:43:06]} {[%emt 00:01:34]} 18.
dxc5 {[%clk 00:31:09]} {[%emt 00:01:31]} Bxh2+ {[%clk 00:43:01]} {[%emt
00:00:14]} 19. Kxh2 {[%clk 00:31:17]} {[%emt 00:00:02]} Qxd3 {[%clk 00:42:56]}
{[%emt 00:00:15]} 20. Rd4 {[%clk 00:31:23]} {[%emt 00:00:06]} Qf5 {[%clk
00:36:07]} {[%emt 00:06:58]} 21. Be3 {[%clk 00:30:56]} {[%emt 00:00:37]} h6
{[%clk 00:35:30]} {[%emt 00:00:47]} 22. Rad1 {[%clk 00:30:47]} {[%emt
00:00:20]} Bh5 {[%clk 00:32:43]} {[%emt 00:02:55]} 23. Rd5 {[%clk 00:29:48]}
{[%emt 00:01:10]} Qg6 {[%clk 00:30:28]} {[%emt 00:02:26]} 24. Nh4 {[%clk
00:25:29]} {[%emt 00:04:28]} Qf6 {[%clk 00:14:16]} {[%emt 00:16:21]} 25. Rxh5
{[%clk 00:25:04]} {[%emt 00:00:36]} g6 {[%clk 00:13:13]} {[%emt 00:01:13]} 26.
Rxh6 {[%clk 00:24:27]} {[%emt 00:00:47]} Qg7 {[%clk 00:06:05]} {[%emt
00:07:18]} 27. Nf3 {[%clk 00:23:58]} {[%emt 00:00:40]} f6 {[%clk 00:05:40]}
{[%emt 00:00:34]} 28. Rh4 {[%clk 00:22:58]} {[%emt 00:01:09]} g5 {[%clk
00:05:07]} {[%emt 00:00:43]} 29. Rhd4 {[%clk 00:22:44]} {[%emt 00:00:24]} Rc7
{[%clk 00:04:30]} {[%emt 00:00:48]} 30. Kg1 {[%clk 00:22:42]} {[%emt 00:00:12]}
Kh7 {[%clk 00:04:00]} {[%emt 00:00:39]} 31. Rd6 {[%clk 00:22:17]} {[%emt
00:00:36]} Qe7 {[%clk 00:03:13]} {[%emt 00:00:57]} 32. b4 {[%clk 00:21:30]}
{[%emt 00:00:56]} g4 {[%clk 00:02:25]} {[%emt 00:00:59]} 33. Nd4 {[%clk
00:21:15]} {[%emt 00:00:35]} g3 {[%clk 00:02:13]} {[%emt 00:00:32]} 34. Nb5
{[%clk 00:20:54]} {[%emt 00:00:30]} Qe4 {[%clk 00:00:25]} {[%emt 00:01:59]} 35.
Nxc7 {[%clk 00:20:36]} {[%emt 00:00:29]} gxf2+ {[%clk 00:00:22]} {[%emt
00:00:11]} 36. Bxf2 {[%clk 00:20:34]} {[%emt 00:00:13]} Qf4 {[%clk 00:00:13]}
{[%emt 00:00:19]} 37. Nd5 {[%clk 00:20:25]} {[%emt 00:00:19]} Qg4 {[%clk
00:00:13]} {[%emt 00:00:10]} 1-0

[Event "ABC 2024 Utrecht, Groep A"]
[Site "Utrecht"]
[Date "2024.03.09"]
[Round "3.5"]
[White "Van de Poel, Jona"]
[Black "Blom, Rens"]
[Result "0-1"]
[WhiteElo "1862"]
[BlackElo "1921"]

1. e4 {[%clk 00:55:16]} {[%emt 00:00:02]} d6 {[%clk 00:55:17]} {[%emt
00:00:05]} 2. d4 {[%clk 00:55:19]} {[%emt 00:00:06]} Nf6 {[%clk 00:55:21]}
{[%emt 00:00:05]} 3. Nc3 {[%clk 00:55:24]} {[%emt 00:00:06]} g6 {[%clk
00:55:27]} {[%emt 00:00:03]} 4. f4 {[%clk 00:55:23]} {[%emt 00:00:12]} Bg7
{[%clk 00:55:33]} {[%emt 00:00:04]} 5. Nf3 {[%clk 00:54:51]} {[%emt 00:00:42]}
O-O {[%clk 00:55:38]} {[%emt 00:00:06]} 6. Bc4 {[%clk 00:53:26]} {[%emt
00:01:34]} c5 {[%clk 00:54:24]} {[%emt 00:01:24]} 7. d5 {[%clk 00:50:18]}
{[%emt 00:03:18]} b5 {[%clk 00:49:21]} {[%emt 00:05:13]} 8. Bxb5 {[%clk
00:44:18]} {[%emt 00:06:10]} Nxe4 {[%clk 00:49:22]} {[%emt 00:00:10]} 9. Nxe4
{[%clk 00:42:06]} {[%emt 00:02:22]} Qa5+ {[%clk 00:49:24]} {[%emt 00:00:08]} 10.
Bd2 {[%clk 00:41:12]} {[%emt 00:01:03]} Qxb5 {[%clk 00:49:25]} {[%emt
00:00:09]} 11. Nc3 {[%clk 00:40:36]} {[%emt 00:00:46]} Qa6 {[%clk 00:42:05]}
{[%emt 00:07:31]} 12. Qe2 {[%clk 00:34:36]} {[%emt 00:06:09]} Bf5 {[%clk
00:37:24]} {[%emt 00:04:51]} 13. Rc1 {[%clk 00:31:18]} {[%emt 00:03:27]} Re8
{[%clk 00:32:09]} {[%emt 00:05:26]} 14. Qb5 {[%clk 00:27:25]} {[%emt 00:04:03]}
Qxb5 {[%clk 00:24:20]} {[%emt 00:07:59]} 15. Nxb5 {[%clk 00:27:27]} {[%emt
00:00:07]} Na6 {[%clk 00:24:24]} {[%emt 00:00:07]} 16. Bc3 {[%clk 00:25:16]}
{[%emt 00:02:21]} Reb8 {[%clk 00:18:09]} {[%emt 00:06:25]} 17. Bxg7 {[%clk
00:24:16]} {[%emt 00:01:10]} Kxg7 {[%clk 00:18:12]} {[%emt 00:00:07]} 18. a4
{[%clk 00:20:34]} {[%emt 00:03:52]} Rb7 {[%clk 00:15:09]} {[%emt 00:03:13]} 19.
b3 {[%clk 00:18:33]} {[%emt 00:02:11]} Nb4 {[%clk 00:14:48]} {[%emt 00:00:31]}
20. Kd2 {[%clk 00:17:12]} {[%emt 00:01:30]} Nxd5 {[%clk 00:14:09]} {[%emt
00:00:50]} 21. g3 {[%clk 00:16:52]} {[%emt 00:00:30]} Nb6 {[%clk 00:11:29]}
{[%emt 00:02:50]} 22. c4 {[%clk 00:15:06]} {[%emt 00:01:55]} a6 {[%clk
00:11:05]} {[%emt 00:00:35]} 23. Na3 {[%clk 00:15:04]} {[%emt 00:00:12]} Rab8
{[%clk 00:10:07]} {[%emt 00:01:08]} 24. Nc2 {[%clk 00:14:34]} {[%emt 00:00:40]}
Nd7 {[%clk 00:09:49]} {[%emt 00:00:28]} 25. Na1 {[%clk 00:14:29]} {[%emt
00:00:14]} Rd8 {[%clk 00:04:33]} {[%emt 00:05:26]} 26. Kc3 {[%clk 00:12:45]}
{[%emt 00:01:54]} Nb8 {[%clk 00:04:32]} {[%emt 00:00:12]} 27. h3 {[%clk
00:11:56]} {[%emt 00:00:58]} Nc6 {[%clk 00:04:32]} {[%emt 00:00:10]} 28. Rce1
{[%clk 00:10:56]} {[%emt 00:01:09]} d5 {[%clk 00:02:45]} {[%emt 00:01:58]} 29.
Nd2 {[%clk 00:09:45]} {[%emt 00:01:21]} Na5 {[%clk 00:02:22]} {[%emt 00:00:33]}
30. g4 {[%clk 00:09:31]} {[%emt 00:00:24]} d4+ {[%clk 00:01:41]} {[%emt
00:00:51]} 31. Kb2 {[%clk 00:09:33]} {[%emt 00:00:08]} Be6 {[%clk 00:01:43]}
{[%emt 00:00:09]} 32. Kc2 {[%clk 00:08:29]} {[%emt 00:01:14]} Bc8 {[%clk
00:00:44]} {[%emt 00:01:09]} 33. Kd3 {[%clk 00:07:45]} {[%emt 00:00:52]} f6
{[%clk 00:00:44]} {[%emt 00:00:11]} 34. Rh2 {[%clk 00:07:31]} {[%emt 00:00:23]}
Re8 {[%clk 00:00:44]} {[%emt 00:00:11]} 35. Rhe2 {[%clk 00:07:19]} {[%emt
00:00:22]} Kf7 {[%clk 00:00:34]} {[%emt 00:00:20]} 36. Kc2 {[%clk 00:05:51]}
{[%emt 00:01:36]} h5 {[%clk 00:00:30]} {[%emt 00:00:16]} 37. Rg2 {[%clk
00:05:21]} {[%emt 00:00:39]} hxg4 {[%clk 00:00:32]} {[%emt 00:00:09]} 38. hxg4
{[%clk 00:05:26]} {[%emt 00:00:05]} e5 {[%clk 00:00:23]} {[%emt 00:00:20]} 39.
fxe5 {[%clk 00:05:25]} {[%emt 00:00:10]} fxe5 {[%clk 00:00:32]} {[%emt
00:00:01]} 40. Ne4 {[%clk 00:05:20]} {[%emt 00:00:15]} Rd8 {[%clk 00:00:12]}
{[%emt 00:00:30]} 41. Nxc5 {[%clk 00:04:51]} {[%emt 00:00:38]} Rc7 {[%clk
00:00:21]} {[%emt 00:00:02]} 42. Ne4 {[%clk 00:04:41]} {[%emt 00:00:20]} Kg7
{[%clk 00:00:23]} {[%emt 00:00:08]} 43. Rf1 {[%clk 00:03:56]} {[%emt 00:00:54]}
Bb7 {[%clk 00:00:26]} {[%emt 00:00:08]} 44. Kd3 {[%clk 00:03:49]} {[%emt
00:00:17]} Rb8 {[%clk 00:00:19]} {[%emt 00:00:18]} 45. Rb2 {[%clk 00:03:48]}
{[%emt 00:00:10]} Bxe4+ {[%clk 00:00:25]} {[%emt 00:00:04]} 46. Kxe4 {[%clk
00:03:56]} {[%emt 00:00:01]} Nxc4 {[%clk 00:00:32]} {[%emt 00:00:04]} 47. Rc2
{[%clk 00:03:42]} {[%emt 00:00:25]} Nd6+ {[%clk 00:00:21]} {[%emt 00:00:21]} 48.
Kxe5 {[%clk 00:03:42]} {[%emt 00:00:09]} Rxc2 {[%clk 00:00:20]} {[%emt
00:00:11]} 49. Nxc2 {[%clk 00:03:44]} {[%emt 00:00:11]} Nf7+ {[%clk 00:00:28]}
50. Kxd4 {[%clk 00:02:53]} {[%emt 00:01:00]} Rxb3 {[%clk 00:00:35]} {[%emt
00:00:03]} 51. Re1 {[%clk 00:01:41]} {[%emt 00:01:22]} Rg3 {[%clk 00:00:37]}
{[%emt 00:00:08]} 52. Ne3 {[%clk 00:01:37]} {[%emt 00:00:13]} Ng5 {[%clk
00:00:21]} {[%emt 00:00:27]} 53. Rb1 {[%clk 00:01:26]} {[%emt 00:00:21]} Nf3+
{[%clk 00:00:24]} {[%emt 00:00:06]} 54. Kd3 {[%clk 00:00:34]} {[%emt 00:01:03]}
Ne5+ {[%clk 00:00:31]} {[%emt 00:00:04]} 55. Ke4 {[%clk 00:00:38]} {[%emt
00:00:05]} Nxg4 {[%clk 00:00:30]} {[%emt 00:00:10]} 56. Rb7+ {[%clk 00:00:39]}
{[%emt 00:00:10]} Kh6 {[%clk 00:00:30]} {[%emt 00:00:10]} 57. Nd5 {[%clk
00:00:23]} {[%emt 00:00:25]} Ra3 {[%clk 00:00:28]} {[%emt 00:00:13]} 58. Rb4
{[%clk 00:00:24]} {[%emt 00:00:09]} Nf2+ {[%clk 00:00:28]} {[%emt 00:00:11]} 59.
Kd4 {[%clk 00:00:25]} {[%emt 00:00:08]} g5 {[%clk 00:00:16]} {[%emt 00:00:22]}
60. Kc5 {[%clk 00:00:13]} {[%emt 00:00:22]} Nd3+ {[%clk 00:00:23]} {[%emt
00:00:03]} 61. Kc4 {[%clk 00:00:22]} {[%emt 00:00:01]} Nxb4 {[%clk 00:00:32]}
{[%emt 00:00:02]} 62. Kxb4 {[%clk 00:00:31]} Rf3 {[%clk 00:00:35]} {[%emt
00:00:07]} 63. Nc7 {[%clk 00:00:34]} {[%emt 00:00:06]} g4 {[%clk 00:00:43]}
{[%emt 00:00:03]} 64. Nxa6 {[%clk 00:00:43]} {[%emt 00:00:01]} Rf4+ {[%clk
00:00:45]} {[%emt 00:00:08]} 65. Kb3 {[%clk 00:00:48]} {[%emt 00:00:05]} g3
{[%clk 00:00:41]} {[%emt 00:00:15]} 66. Nc5 {[%clk 00:00:54]} {[%emt 00:00:03]}
g2 {[%clk 00:00:44]} {[%emt 00:00:07]} 67. Nd3 {[%clk 00:00:59]} {[%emt
00:00:05]} Rxa4 {[%clk 00:00:49]} {[%emt 00:00:06]} 68. Kxa4 {[%clk 00:01:05]}
{[%emt 00:00:02]} g1=Q {[%clk 00:00:57]} {[%emt 00:00:02]} 69. Nb4 {[%clk
00:01:14]} {[%emt 00:00:02]} Kg5 {[%clk 00:01:05]} {[%emt 00:00:01]} 70. Kb5
{[%clk 00:01:21]} {[%emt 00:00:04]} Kf5 {[%clk 00:01:12]} {[%emt 00:00:03]} 71.
Nc6 {[%clk 00:01:28]} {[%emt 00:00:02]} Ke4 {[%clk 00:01:18]} {[%emt 00:00:05]}
72. Nb4 {[%clk 00:01:35]} {[%emt 00:00:03]} Qb1 {[%clk 00:01:22]} {[%emt
00:00:06]} 73. Kc4 {[%clk 00:01:41]} {[%emt 00:00:03]} Qc1+ {[%clk 00:01:25]}
{[%emt 00:00:09]} 74. Kb3 {[%clk 00:01:47]} {[%emt 00:00:02]} Ke3 {[%clk
00:00:39]} {[%emt 00:00:56]} 75. Ka4 {[%clk 00:01:39]} {[%emt 00:00:19]} Kd4
{[%clk 00:00:38]} {[%emt 00:00:11]} 76. Kb5 {[%clk 00:01:35]} {[%emt 00:00:14]}
Qc5+ {[%clk 00:00:39]} {[%emt 00:00:08]} 77. Ka4 {[%clk 00:01:37]} {[%emt
00:00:08]} Kc4 {[%clk 00:00:35]} {[%emt 00:00:14]} 0-1

[Event "ABC 2024 Utrecht, Groep A"]
[Site "Utrecht"]
[Date "2024.03.09"]
[Round "3.6"]
[White "Aarts, Joaquin"]
[Black "Mulder, Lars"]
[Result "1-0"]
[WhiteElo "1892"]
[BlackElo "1538"]

1. d4 {[%clk 00:55:17]} {[%emt 00:00:03]} d5 {[%clk 00:55:17]} {[%emt
00:00:04]} 2. c4 {[%clk 00:55:25]} {[%emt 00:00:03]} c6 {[%clk 00:55:23]}
{[%emt 00:00:03]} 3. Nc3 {[%clk 00:55:33]} {[%emt 00:00:02]} Nf6 {[%clk
00:55:24]} {[%emt 00:00:09]} 4. Nf3 {[%clk 00:55:40]} {[%emt 00:00:03]} Bf5
{[%clk 00:55:07]} {[%emt 00:00:27]} 5. cxd5 {[%clk 00:55:38]} {[%emt 00:00:12]}
cxd5 {[%clk 00:55:05]} {[%emt 00:00:12]} 6. Qb3 {[%clk 00:55:44]} {[%emt
00:00:04]} b6 {[%clk 00:53:11]} {[%emt 00:02:04]} 7. Ne5 {[%clk 00:53:28]}
{[%emt 00:02:25]} e6 {[%clk 00:51:13]} {[%emt 00:02:09]} 8. e4 {[%clk
00:52:54]} {[%emt 00:00:45]} Bxe4 {[%clk 00:44:15]} {[%emt 00:07:07]} 9. Bb5+
{[%clk 00:52:21]} {[%emt 00:00:43]} Nbd7 {[%clk 00:42:03]} {[%emt 00:02:22]} 10.
Nxe4 {[%clk 00:49:48]} {[%emt 00:02:43]} dxe4 {[%clk 00:41:12]} {[%emt
00:01:01]} 11. Bg5 {[%clk 00:49:42]} {[%emt 00:00:16]} Bd6 {[%clk 00:36:13]}
{[%emt 00:05:10]} 12. Nxd7 {[%clk 00:48:03]} {[%emt 00:01:49]} Ke7 {[%clk
00:33:02]} {[%emt 00:03:21]} 13. O-O {[%clk 00:34:06]} {[%emt 00:14:06]} h6
{[%clk 00:24:18]} {[%emt 00:08:54]} 14. Bxf6+ {[%clk 00:27:56]} {[%emt
00:06:21]} gxf6 {[%clk 00:24:08]} {[%emt 00:00:19]} 15. Rac1 {[%clk 00:25:18]}
{[%emt 00:02:49]} Rc8 {[%clk 00:15:24]} {[%emt 00:08:54]} 16. f3 {[%clk
00:23:33]} {[%emt 00:01:54]} Rxc1 {[%clk 00:08:22]} {[%emt 00:07:13]} 17. Rxc1
{[%clk 00:23:32]} {[%emt 00:00:11]} Bf4 {[%clk 00:07:04]} {[%emt 00:01:27]} 18.
Qa3+ {[%clk 00:22:12]} {[%emt 00:01:30]} Bd6 {[%clk 00:06:29]} {[%emt
00:00:45]} 19. Qxa7 {[%clk 00:22:04]} {[%emt 00:00:19]} exf3 {[%clk 00:03:54]}
{[%emt 00:02:45]} 20. Ne5+ {[%clk 00:21:58]} {[%emt 00:00:15]} 1-0

[Event "ABC 2024 Utrecht, Groep A"]
[Site "Utrecht"]
[Date "2024.03.09"]
[Round "3.7"]
[White "Elferink, Leon"]
[Black "Madularea, David"]
[Result "0-1"]
[WhiteElo "1804"]
[BlackElo "2035"]

1. e4 {[%clk 00:55:18]} {[%emt 00:00:01]} c5 {[%clk 00:55:11]} {[%emt
00:00:09]} 2. Nf3 {[%clk 00:55:22]} {[%emt 00:00:06]} Nc6 {[%clk 00:54:50]}
{[%emt 00:00:31]} 3. Bb5 {[%clk 00:54:36]} {[%emt 00:00:56]} e5 {[%clk
00:54:49]} {[%emt 00:00:09]} 4. O-O {[%clk 00:54:17]} {[%emt 00:00:31]} Bd6
{[%clk 00:54:53]} {[%emt 00:00:06]} 5. c3 {[%clk 00:53:51]} {[%emt 00:00:36]}
Nge7 {[%clk 00:54:49]} {[%emt 00:00:14]} 6. d4 {[%clk 00:51:57]} {[%emt
00:02:04]} Qb6 {[%clk 00:47:38]} {[%emt 00:07:22]} 7. Na3 {[%clk 00:48:27]}
{[%emt 00:03:39]} a6 {[%clk 00:42:33]} {[%emt 00:05:15]} 8. Nc4 {[%clk
00:42:35]} {[%emt 00:06:02]} Qc7 {[%clk 00:42:36]} {[%emt 00:00:07]} 9. Bxc6
{[%clk 00:41:57]} {[%emt 00:00:48]} Nxc6 {[%clk 00:42:26]} {[%emt 00:00:21]} 10.
d5 {[%clk 00:40:52]} {[%emt 00:01:15]} Ne7 {[%clk 00:38:48]} {[%emt 00:03:47]}
11. Nfxe5 {[%clk 00:36:26]} {[%emt 00:04:36]} Bxe5 {[%clk 00:37:46]} {[%emt
00:01:13]} 12. f4 {[%clk 00:34:08]} {[%emt 00:02:28]} Bxc3 {[%clk 00:33:09]}
{[%emt 00:04:46]} 13. bxc3 {[%clk 00:33:33]} {[%emt 00:00:45]} d6 {[%clk
00:32:52]} {[%emt 00:00:26]} 14. e5 {[%clk 00:33:14]} {[%emt 00:00:30]} Nf5
{[%clk 00:32:59]} {[%emt 00:00:03]} 15. exd6 {[%clk 00:26:49]} {[%emt
00:06:36]} Nxd6 {[%clk 00:32:55]} {[%emt 00:00:13]} 16. Qe2+ {[%clk 00:26:46]}
{[%emt 00:00:12]} Kd8 {[%clk 00:32:33]} {[%emt 00:00:32]} 17. Nxd6 {[%clk
00:25:08]} {[%emt 00:01:49]} Qxd6 {[%clk 00:32:41]} {[%emt 00:00:02]} 18. Qh5
{[%clk 00:20:17]} {[%emt 00:05:01]} Qg6 {[%clk 00:30:15]} {[%emt 00:02:36]} 19.
Qh4+ {[%clk 00:19:59]} {[%emt 00:00:27]} f6 {[%clk 00:29:50]} {[%emt 00:00:35]}
20. f5 {[%clk 00:19:00]} {[%emt 00:01:10]} Bxf5 {[%clk 00:20:42]} {[%emt
00:09:18]} 21. Qf4 {[%clk 00:17:29]} {[%emt 00:01:41]} Be4 {[%clk 00:20:26]}
{[%emt 00:00:25]} 22. Qd6+ {[%clk 00:17:03]} {[%emt 00:00:36]} Ke8 {[%clk
00:20:31]} {[%emt 00:00:05]} 23. g3 {[%clk 00:13:37]} {[%emt 00:03:37]} Rc8
{[%clk 00:18:22]} {[%emt 00:02:20]} 24. Qe6+ {[%clk 00:12:38]} {[%emt
00:01:08]} Kd8 {[%clk 00:18:30]} {[%emt 00:00:01]} 25. Qb6+ {[%clk 00:09:41]}
{[%emt 00:03:07]} Kd7 {[%clk 00:17:20]} {[%emt 00:01:21]} 26. Bf4 {[%clk
00:06:56]} {[%emt 00:02:55]} f5 {[%clk 00:14:50]} {[%emt 00:02:40]} 27. Qxb7+
{[%clk 00:06:37]} {[%emt 00:00:30]} Kd8 {[%clk 00:14:58]} {[%emt 00:00:01]} 28.
Rae1 {[%clk 00:05:03]} {[%emt 00:01:43]} Re8 {[%clk 00:13:12]} {[%emt
00:01:56]} 29. Qa7 {[%clk 00:03:05]} {[%emt 00:02:10]} Re7 {[%clk 00:11:49]}
{[%emt 00:01:32]} 30. Rxe4 {[%clk 00:01:25]} {[%emt 00:01:50]} Rxa7 {[%clk
00:11:43]} {[%emt 00:00:15]} 31. Re6 {[%emt 00:00:07]} Qh5 {[%clk 00:09:47]}
{[%emt 00:02:04]} 32. Rfe1 {[%clk 00:01:25]} {[%emt 00:00:15]} h6 {[%clk
00:09:09]} {[%emt 00:00:48]} 33. Bd6 {[%clk 00:00:27]} {[%emt 00:01:09]} Qf7
{[%clk 00:08:55]} {[%emt 00:00:23]} 34. c4 {[%clk 00:00:21]} {[%emt 00:00:17]}
Rb7 {[%clk 00:05:57]} {[%emt 00:03:07]} 35. a4 {[%clk 00:00:26]} {[%emt
00:00:05]} g5 {[%clk 00:05:16]} {[%emt 00:00:51]} 36. Rxh6 {[%clk 00:00:15]}
{[%emt 00:00:22]} f4 {[%clk 00:05:16]} {[%emt 00:00:10]} 37. Rh8+ {[%clk
00:00:23]} {[%emt 00:00:02]} Kd7 {[%clk 00:05:20]} {[%emt 00:00:05]} 38. Rh6
{[%clk 00:00:27]} {[%emt 00:00:06]} Re8 {[%clk 00:05:00]} {[%emt 00:00:31]} 39.
Rxe8 {[%clk 00:00:35]} {[%emt 00:00:02]} Qxe8 {[%clk 00:04:51]} {[%emt
00:00:18]} 40. Re6 {[%clk 00:00:39]} {[%emt 00:00:06]} Qxe6 {[%clk 00:04:55]}
{[%emt 00:00:06]} 0-1